Understanding Statistics in the Behavioral Sciences / Study Guide to Accompany: Fourth Edition (Record no. 2573)
[ view plain ]
| 000 -LEADER | |
|---|---|
| fixed length control field | 01239cam a22002174a 4500 |
| 005 - ΗΜΕΡΟΜΗΝΙΑ ΚΑΙ ΩΡΑ ΤΕΛΕΥΤΑΙΑΣ ΕΝΗΜΕΡΩΣΗΣ | |
| Πεδίο ελέγχου | 20250605164046.0 |
| 008 - FIXED-LENGTH DATA ELEMENTS--GENERAL INFORMATION | |
| Πεδίο ελέγχου σταθερού μήκους | 250528s ||||||||||||||||||||||||d |
| 035 ## - SYSTEM CONTROL NUMBER | |
| System control number | 17133 |
| 020 ## - ISBN | |
| ISBN | 314037071 |
| 040 ## - ΠΗΓΗ ΚΑΤΑΛΟΓΟΓΡΑΦΗΣΗΣ | |
| Φορέας πρωτότυπης καταλογογράφησης | MC Athens Campus Library |
| Γλώσσα καταλογογράφησης | Ελληνικά, Μοντέρνα (1453-) |
| Modifying agency | MC Athens Campus Library |
| Κανόνες περιγραφικής καταλογογράφησης | AACR2 |
| 245 1# - ΤΙΤΛΟΣ ΚΑΙ ΔΗΛΩΣΗ ΥΠΕΥΘΥΝΟΤΗΤΑΣ | |
| Τίτλος | Understanding Statistics in the Behavioral Sciences / Study Guide to Accompany: Fourth Edition |
| 250 ## - EDITION STATEMENT | |
| Edition statement | 4th |
| 260 ## - PUBLICATION, DISTRIBUTION, ETC. | |
| Name of publisher, distributor, etc. | West Publishing Company, |
| Date of publication, distribution, etc. | 1994 |
| 300 ## - PHYSICAL DESCRIPTION | |
| Extent | 362 |
| 520 ## - SUMMARY, ETC. | |
| Summary, etc. | Preface, Overview, Statistics and Scientific Method, Descriptive Statistics, Basic Mathematical and Measurement Concepts, Frequency Distributions, Measures of Central Tendency and Variability, The Normal Curves and Standard Scores, Linear Regression, Correlation, Inferential Statistics, Random Sampling and Probability, Binomial Distribution, Introduction to Hypothesis Testing Using the Sign Test, Power, Mann-Whitney U Test, Students t Test for Single Samples, Introduction to the Analysis of Variance, Multiple Comparisons, Introduction to Two-Way Analysis of Variance, Chi-Square and Other Non Parametric Tests, Review of Inferential Statistics. |
| 700 1# - ΠΡΟΣΘΕΤΗ ΑΝΑΓΡΑΦΗ--ΦΥΣΙΚΟ ΠΡΟΣΩΠΟ | |
| Personal name | Follette William C |
| 9 (RLIN) | 3278 |
| 700 1# - ΠΡΟΣΘΕΤΗ ΑΝΑΓΡΑΦΗ--ΦΥΣΙΚΟ ΠΡΟΣΩΠΟ | |
| Personal name | Pagano Robert R |
| 9 (RLIN) | 3255 |
| 942 ## - ADDED ENTRY ELEMENTS (KOHA) | |
| Koha item type | Books |
| Τύπος τεκμηρίου | Βιβλιοθήκη | Τρέχουσα τοποθεσία | Barcode | Αριθμός εισαγωγής | Ημερομηνία απόκτησης | Ταξιθετικό σύμβολο | Αριθμός αντιτύπου | Κατάσταση απόσυρσης | Κατάσταση χαμένου | Κατάσταση κατεστραμμένου | Μη δανεισμός | Σύνολο δανεισμών | Ημερομηνία τελευταίας εμφάνισης | Η τιμή ισχύει από |
|---|---|---|---|---|---|---|---|---|---|---|---|---|---|---|
| Books | MC Athens Campus Library | MC Athens Campus Library | 9780000025722 | 7911 | 05/06/2025 | 519.5 PAG | 1 | 05/06/2025 | 05/06/2025 |